<?xml version="1.0" encoding="UTF-8"?>
<record
    xmlns:xsi="http://www.w3.org/2001/XMLSchema-instance"
    xsi:schemaLocation="http://www.loc.gov/MARC21/slim http://www.loc.gov/standards/marcxml/schema/MARC21slim.xsd"
    xmlns="http://www.loc.gov/MARC21/slim">

  <leader>00953nam2a22002411  4500</leader>
  <controlfield tag="001">RU\NLR\A1SV\108519</controlfield>
  <controlfield tag="005">20251203152403.2</controlfield>
  <datafield tag="035" ind1=" " ind2=" ">
    <subfield code="a">(NLR Aleph) 009789872</subfield>
  </datafield>
  <datafield tag="090" ind1=" " ind2=" ">
    <subfield code="a">13486769</subfield>
    <subfield code="c">13486769</subfield>
  </datafield>
  <datafield tag="100" ind1=" " ind2=" ">
    <subfield code="a">20101103d1926    u  y0rusy50      ca</subfield>
  </datafield>
  <datafield tag="101" ind1="0" ind2=" ">
    <subfield code="a">rus</subfield>
  </datafield>
  <datafield tag="200" ind1="1" ind2=" ">
    <subfield code="a">&#x41B;&#x430;&#x43A;&#x43E;&#x432;&#x44B;&#x439; &#x43F;&#x43E;&#x434;&#x43D;&#x43E;&#x441;</subfield>
    <subfield code="d">(Le plateau de laque)</subfield>
    <subfield code="f">&#x41F;&#x435;&#x440;. &#x438; &#x43F;&#x440;&#x435;&#x434;&#x438;&#x441;&#x43B;. &#x410;.&#x410;.&#x421;&#x43C;&#x438;&#x440;&#x43D;&#x43E;&#x432;&#x430;</subfield>
  </datafield>
  <datafield tag="210" ind1=" " ind2=" ">
    <subfield code="d">1926</subfield>
  </datafield>
  <datafield tag="215" ind1=" " ind2=" ">
    <subfield code="a">254 &#x441;., 1 &#x43B;. &#x438;&#x43B;.)</subfield>
  </datafield>
  <datafield tag="316" ind1=" " ind2=" ">
    <subfield code="a">&#x42D;&#x43A;&#x437;. &#x420;&#x41D;&#x411; &#x434;&#x435;&#x444;.: &#x43E;&#x442;&#x441;&#x443;&#x442;&#x441;&#x442;&#x432;&#x443;&#x435;&#x442; &#x43E;&#x431;&#x43B;.</subfield>
    <subfield code="5">17.122.3.4-13</subfield>
    <subfield code="5">&#x41B; 60 &#x412;-1/44-13</subfield>
  </datafield>
  <datafield tag="461" ind1=" " ind2="1">
    <subfield code="1">001RU\NLR\A1SV\108510</subfield>
    <subfield code="1">2000#$v13</subfield>
    <subfield code="9">10131863</subfield>
    <subfield code="a">&#x420;&#x435;&#x43D;&#x44C;&#x435;, &#x410;. &#x434;&#x435; (1864-1936)</subfield>
    <subfield code="c">&#x41B;.</subfield>
    <subfield code="d">1923-1927</subfield>
    <subfield code="f">&#x410;&#x43D;&#x440;&#x438; &#x434;&#x435; &#x420;&#x435;&#x43D;&#x44C;&#x435;</subfield>
    <subfield code="n">Academia</subfield>
    <subfield code="o">&#x412; 17 [19!] &#x442;. : &#x41F;&#x435;&#x440;. &#x441; &#x444;&#x440;.</subfield>
    <subfield code="t">&#x421;&#x43E;&#x431;&#x440;&#x430;&#x43D;&#x438;&#x435; &#x441;&#x43E;&#x447;&#x438;&#x43D;&#x435;&#x43D;&#x438;&#x439; &#x410;&#x43D;&#x440;&#x438; &#x434;&#x435; &#x420;&#x435;&#x43D;&#x44C;&#x435;</subfield>
    <subfield code="v">13</subfield>
  </datafield>
  <datafield tag="801" ind1=" " ind2="0">
    <subfield code="a">RU</subfield>
    <subfield code="b">NLR</subfield>
    <subfield code="c">20101103</subfield>
  </datafield>
  <datafield tag="852" ind1=" " ind2=" ">
    <subfield code="a">NLR</subfield>
    <subfield code="j">17.122.3.4(13)</subfield>
  </datafield>
  <datafield tag="852" ind1=" " ind2=" ">
    <subfield code="a">NLR</subfield>
    <subfield code="j">&#x41B;60 &#x412;-1/44(13)</subfield>
  </datafield>
  <datafield tag="942" ind1=" " ind2=" ">
    <subfield code="c">BOOK</subfield>
  </datafield>
  <datafield tag="980" ind1=" " ind2=" ">
    <subfield code="a">A1SV</subfield>
  </datafield>
  <datafield tag="980" ind1=" " ind2=" ">
    <subfield code="a">NB</subfield>
  </datafield>
</record>
